[Event "HUN-chT2 Szechenyi 1415"]
[Site "Hungary"]
[Date "2015.01.25"]
[Round "7.3"]
[White "Domonkos, Daniel"]
[Black "Kiss, Judit"]
[Result "1-0"]
[WhiteElo "2068"]
[BlackElo "1989"]
[PlyCount "63"]
[EventDate "2014.09.07"]
[EventType "team-tourn"]
[EventRounds "11"]
[EventCountry "HUN"]
[SourceTitle "EXT 2016"]
[Source "ChessBase"]
[SourceDate "2015.10.08"]
[SourceVersion "1"]
[SourceVersionDate "2015.10.08"]
[SourceQuality "1"]
[WhiteTeam "Veszprem"]
[BlackTeam "Keszthely"]
[WhiteTeamCountry "HUN"]
[BlackTeamCountry "HUN"]

1. d4 Nf6 2. c4 g6 3. Nc3 Bg7 4. e4 d6 5. Nf3 0-0 6. h3 c5 7. dxc5 dxc5 8. Qxd8 Rxd8 9. Be3 Na6 10. e5 Nd7 11. 0-0-0 b6 12. Nd5 Kf8 13. e6 Nf6 14. exf7 Nxd5 15. cxd5 Nc7 16. Bc4 b5 17. Bxc5 Na6 18. Bxe7+ Kxe7 19. Bxb5 Nb4 20. Ng5 Bf5 21. Rhe1+ Kf6 22. Ne4+ Bxe4 23. Rxe4 Nxd5 24. Red4 Rdc8+ 25. Kb1 Ne7 26. Be8 Nf5 27. Rd7 Kg5 28. R1d5 Rab8 29. b3 Kh6 30. g4 Nh4 31. f8Q Bxf8 32. g5+ 1-0

[Event "HUN-chT2 Szechenyi 1314"]
[Site "Hungary"]
[Date "2014.04.13"]
[Round "10.5"]
[White "Forgacs, Attila"]
[Black "Domonkos, Daniel"]
[Result "1/2-1/2"]
[WhiteElo "2177"]
[BlackElo "2026"]
[PlyCount "96"]
[EventDate "2013.09.08"]
[EventType "team-tourn"]
[EventRounds "11"]
[EventCountry "HUN"]
[SourceTitle "EXT 2016"]
[Source "ChessBase"]
[SourceDate "2015.10.08"]
[SourceVersion "1"]
[SourceVersionDate "2015.10.08"]
[SourceQuality "1"]
[WhiteTeam "Balatonfuered"]
[BlackTeam "Veszprem"]
[WhiteTeamCountry "HUN"]
[BlackTeamCountry "HUN"]

1. e4 e5 2. Nf3 Nc6 3. Bb5 Nge7 4. c3 a6 5. Ba4 b5 6. Bb3 Ng6 7. d4 Be7 8. Nxe5 Ncxe5 9. dxe5 Bb7 10. 0-0 0-0 11. Qe2 Nxe5 12. Bf4 Ng6 13. Bg3 Bh4 14. Nd2 Bxg3 15. hxg3 Qe7 16. a4 Qc5 17. axb5 axb5 18. Rxa8 Rxa8 19. Re1 Ne5 20. Nf3 Ra6 21. Nxe5 Qxe5 22. f4 Qc5+ 23. Qf2 Qxf2+ 24. Kxf2 Kf8 25. g4 Ke7 26. Ke3 c5 27. Rh1 c4 28. Bc2 Ra2 29. Rb1 h6 30. g3 f6 31. Kd4 d6 32. Bd1 Bc8 33. Bf3 Bb7 34. Ke3 Bc6 35. Kd2 Ba8 36. Kc2 Bc6 37. Rh1 Ra5 38. Rh5 Be8 39. Rh1 Bg6 40. Re1 Kd7 41. Rd1 Kc7 42. Rd5 Bf7 43. Rd1 Bg6 44. Kd2 Ra2 45. Rb1 Ra5 46. Ke3 Ra2 47. Bd1 Bf7 48. Bc2 Be6 1/2-1/2

[Event "Balatonalmadi Pannonia Cup 16th"]
[Site "Balatonalmadi"]
[Date "2011.07.30"]
[Round "5"]
[White "Rigo, Janos"]
[Black "Domonkos, Daniel"]
[Result "1-0"]
[WhiteElo "2309"]
[BlackElo "2098"]
[PlyCount "79"]
[EventDate "2011.07.27"]
[EventType "swiss"]
[EventRounds "7"]
[EventCountry "HUN"]
[SourceTitle "EXT 2016"]
[Source "ChessBase"]
[SourceDate "2015.10.08"]
[SourceVersion "1"]
[SourceVersionDate "2015.10.08"]
[SourceQuality "1"]

1. e4 e6 2. Qe2 d5 3. exd5 Qxd5 4. Nc3 Qa5 5. Nf3 Nf6 6. Ne5 Nbd7 7. Nb5 a6 8. Nxd7 Bxd7 9. Nd4 c5 10. Nf3 Bd6 11. g3 Bc6 12. Bg2 0-0 13. 0-0 Qc7 14. b3 Rad8 15. Bb2 Qe7 16. Rfe1 Rd7 17. a4 Rfd8 18. d3 h6 19. Nd2 Bxg2 20. Kxg2 Nd5 21. Ne4 f6 22. Ba3 e5 23. a5 Rc8 24. Qg4 Rc6 25. c4 h5 26. Qxh5 Nb4 27. Bxb4 cxb4 28. d4 Qf8 29. Nxd6 Rcxd6 30. dxe5 fxe5 31. Rxe5 Rf7 32. Qe2 Rdf6 33. f4 Qd6 34. Rd1 Qc6+ 35. Qf3 Qc7 36. Re8+ Rf8 37. Qd5+ Kh7 38. Re5 Rh6 39. Qd7 Qb8 40. Re7 1-0

[Event "HUN-chT2 Szechenyi 1011"]
[Site "Hungary"]
[Date "2011.04.17"]
[Round "9.4"]
[White "Domonkos, Daniel"]
[Black "Rezsek, Gyozo"]
[Result "1/2-1/2"]
[WhiteElo "2096"]
[BlackElo "2024"]
[PlyCount "61"]
[EventDate "2010.09.12"]
[EventType "team-tourn"]
[EventRounds "11"]
[EventCountry "HUN"]
[SourceTitle "EXT 2012"]
[Source "ChessBase"]
[SourceDate "2011.11.24"]
[SourceVersion "1"]
[SourceVersionDate "2011.11.24"]
[SourceQuality "1"]
[WhiteTeam "Veszprem"]
[BlackTeam "Spartacus"]
[WhiteTeamCountry "HUN"]
[BlackTeamCountry "HUN"]

1. d4 Nf6 2. c4 g6 3. Nc3 d5 4. Bf4 Bg7 5. e3 c5 6. dxc5 Qa5 7. Bxb8 Rxb8 8. cxd5 Nxd5 9. Qa4+ Qxa4 10. Nxa4 Bd7 11. 0-0-0 e6 12. b3 Ke7 13. Bc4 Rhc8 14. Bxd5 exd5 15. Ne2 b5 16. Nac3 Rxc5 17. Rxd5 Rxc3+ 18. Nxc3 Bxc3 19. Rc5 Bb4 20. Rc7 Ba3+ 21. Kd2 a5 22. Ke2 Rb6 23. Rd1 Bd6 24. Ra7 a4 25. e4 f6 26. f4 Ke8 27. Rxd7 Kxd7 28. e5 axb3 29. axb3 Ke6 30. exd6 Rxd6 31. Rc1 1/2-1/2

[Event "HUN-chT2 Szechenyi 1011"]
[Site "Hungary"]
[Date "2010.10.24"]
[Round "4.4"]
[White "Odor, Istvan"]
[Black "Domonkos, Daniel"]
[Result "1/2-1/2"]
[WhiteElo "2009"]
[BlackElo "2096"]
[PlyCount "86"]
[EventDate "2010.09.12"]
[EventType "team-tourn"]
[EventRounds "11"]
[EventCountry "HUN"]
[SourceTitle "EXT 2012"]
[Source "ChessBase"]
[SourceDate "2011.11.24"]
[SourceVersion "1"]
[SourceVersionDate "2011.11.24"]
[SourceQuality "1"]
[WhiteTeam "Sarvar"]
[BlackTeam "Veszprem"]
[WhiteTeamCountry "HUN"]
[BlackTeamCountry "HUN"]

1. e4 e6 2. d4 d5 3. exd5 exd5 4. Nf3 Bg4 5. Be2 Bd6 6. 0-0 Nf6 7. Bg5 0-0 8. Ne5 Bxe2 9. Qxe2 Re8 10. f4 c5 11. c3 Nbd7 12. Nd2 Qb6 13. Bxf6 Nxf6 14. Ndf3 cxd4 15. cxd4 Re7 16. b3 Rae8 17. Qb2 Ne4 18. Nd3 Qa6 19. Rfd1 Rc7 20. Rac1 Ba3 21. Qxa3 Qxa3 22. Rxc7 Qxa2 23. Rdc1 Qe2 24. Nfe5 Qe3+ 25. Kh1 h6 26. Rd1 f6 27. Nf3 Nf2+ 28. Nxf2 Qxf2 29. Rxb7 Re2 30. Rg1 g5 31. fxg5 hxg5 32. h3 Qg3 33. Rxa7 Rf2 34. Nh2 f5 35. Ra6 Qh4 36. b4 Kf7 37. Ra7+ Kf6 38. Ra6+ Kg7 39. Ra7+ Kf8 40. Ra8+ Kf7 41. Ra7+ Kg6 42. Ra6+ Kf7 43. Ra7+ Kf6 1/2-1/2

[Event "Balatonalmadi Pannonia Cup 15th"]
[Site "Balatonalmadi"]
[Date "2010.08.01"]
[Round "7"]
[White "Szegi, Tamas"]
[Black "Domonkos, Daniel"]
[Result "1-0"]
[WhiteElo "2256"]
[BlackElo "2111"]
[PlyCount "59"]
[EventDate "2010.07.28"]
[EventType "swiss"]
[EventRounds "7"]
[EventCountry "HUN"]
[SourceTitle "EXT 2016"]
[Source "ChessBase"]
[SourceDate "2015.10.08"]
[SourceVersion "1"]
[SourceVersionDate "2015.10.08"]
[SourceQuality "1"]

1. e4 e6 2. d4 d5 3. e5 c5 4. c3 Nc6 5. Nf3 cxd4 6. cxd4 Qb6 7. Nc3 Nh6 8. Bd3 Bd7 9. 0-0 Nxd4 10. Nxd4 Qxd4 11. Nb5 Qb6 12. Be3 Qa5 13. a4 a6 14. Nd6+ Bxd6 15. exd6 Qb4 16. Qh5 Qxd6 17. Rac1 d4 18. Bxh6 gxh6 19. Qxh6 Bc6 20. Qg7 Ke7 21. Qg5+ Kd7 22. Qf6 Raf8 23. Rfe1 Rhg8 24. f3 Bd5 25. Be4 Qb6 26. Bxd5 d3+ 27. Kh1 d2 28. Red1 dxc1Q 29. Bxe6+ Kc7 30. Qe5+ 1-0

[Event "Balatonalmadi Pannonia Cup 15th"]
[Site "Balatonalmadi"]
[Date "2010.07.30"]
[Round "4"]
[White "Domonkos, Daniel"]
[Black "Kende, Gyorgy"]
[Result "0-1"]
[WhiteElo "2111"]
[BlackElo "2200"]
[PlyCount "60"]
[EventDate "2010.07.28"]
[EventType "swiss"]
[EventRounds "7"]
[EventCountry "HUN"]
[SourceTitle "EXT 2016"]
[Source "ChessBase"]
[SourceDate "2015.10.08"]
[SourceVersion "1"]
[SourceVersionDate "2015.10.08"]
[SourceQuality "1"]

1. d4 Nf6 2. c4 e5 3. e3 exd4 4. exd4 d5 5. c5 b6 6. b4 a5 7. bxa5 bxc5 8. Bf4 c4 9. Nc3 Bd6 10. Bxd6 Qxd6 11. Nge2 0-0 12. g3 Rxa5 13. Bg2 Bg4 14. 0-0 Nbd7 15. f3 Bf5 16. Re1 Rfa8 17. g4 Bg6 18. Qd2 c6 19. Nf4 Ra3 20. Nxg6 hxg6 21. Re3 Nf8 22. Ne2 Ne6 23. Rxa3 Rxa3 24. Rb1 g5 25. h3 g6 26. Rb7 c5 27. dxc5 Qxc5+ 28. Kh1 d4 29. f4 c3 30. Qc1 d3 0-1

[Event "Balatonalmadi Pannonia Cup 15th"]
[Site "Balatonalmadi"]
[Date "2010.07.29"]
[Round "3"]
[White "Istvanovszky, Martin"]
[Black "Domonkos, Daniel"]
[Result "1/2-1/2"]
[WhiteElo "2275"]
[BlackElo "2111"]
[PlyCount "57"]
[EventDate "2010.07.28"]
[EventType "swiss"]
[EventRounds "7"]
[EventCountry "HUN"]
[SourceTitle "EXT 2016"]
[Source "ChessBase"]
[SourceDate "2015.10.08"]
[SourceVersion "1"]
[SourceVersionDate "2015.10.08"]
[SourceQuality "1"]

1. e4 e6 2. b3 d5 3. Bb2 dxe4 4. Nc3 Nf6 5. Qe2 Nbd7 6. g4 h6 7. Bg2 a5 8. Nxe4 Nxe4 9. Qxe4 Nf6 10. Qc4 Be7 11. Ne2 0-0 12. Ng3 Nd5 13. Ne4 Ra6 14. Qd4 Bf6 15. Nxf6+ Qxf6 16. Qxf6 Nxf6 17. Bxf6 gxf6 18. 0-0-0 a4 19. Kb2 b5 20. Be4 Rd8 21. d3 c5 22. Rhg1 e5 23. f4 Kf8 24. f5 Ke7 25. Rg3 Bd7 26. Rh3 Rh8 27. Rg1 a3+ 28. Kc3 b4+ 29. Kd2 1/2-1/2

[Event "HUN-chT2 Asztalos 0910"]
[Site "Hungary"]
[Date "2010.04.11"]
[Round "9"]
[White "Domonkos, Daniel"]
[Black "Suranyi, Pal"]
[Result "1/2-1/2"]
[WhiteElo "2075"]
[BlackElo "2136"]
[PlyCount "130"]
[EventDate "2009.11.08"]
[EventType "team-tourn"]
[EventRounds "11"]
[EventCountry "HUN"]
[SourceTitle "EXT 2011"]
[Source "ChessBase"]
[SourceDate "2010.11.26"]
[SourceVersion "1"]
[SourceVersionDate "2010.11.26"]
[SourceQuality "1"]
[WhiteTeam "Veszprem"]
[BlackTeam "Szekesfehervar"]
[WhiteTeamCountry "HUN"]
[BlackTeamCountry "HUN"]

1. d4 Nf6 2. c4 c5 3. e3 g6 4. Nf3 Bg7 5. Nc3 0-0 6. Be2 d5 7. dxc5 Qa5 8. cxd5 Ne4 9. 0-0 Nxc3 10. bxc3 Qxc3 11. Rb1 Qxc5 12. Qb3 Qd6 13. Ba3 Qf6 14. e4 Nd7 15. Rfc1 g5 16. Bb5 g4 17. Bxd7 Bxd7 18. Rc7 Rac8 19. Rxd7 Rc3 20. Qb4 gxf3 21. Qxe7 Qg6 22. g3 Rxa3 23. Qxa3 Qxe4 24. Rd1 Re8 25. Qe3 f5 26. Re1 Bh6 27. Qxe4 fxe4 28. Rxb7 Bd2 29. Rd1 e3 30. fxe3 Bxe3+ 31. Kf1 Bc5 32. Rb3 Re2 33. Rxf3 Rxh2 34. a4 Kg7 35. Rdd3 Bd6 36. Rf2 Rh1+ 37. Ke2 Ra1 38. Rb3 Rxa4 39. Rb7+ Kg6 40. Rff7 h5 41. Rfd7 Ra2+ 42. Kf1 Ra6 43. Kg2 Ra2+ 44. Kh3 Bc5 45. Rg7+ Kf6 46. Rh7 Kg6 47. Rbg7+ Kf6 48. Rg8 a5 49. Rxh5 Rd2 50. Rc8 Kg6 51. Re5 Bb4 52. Rc6+ Kf7 53. Ra6 Rd3 54. Kh4 Be7+ 55. Rxe7+ Kxe7 56. Rxa5 Kf6 57. g4 Rd1 58. Ra6+ Kf7 59. d6 Kf6 60. g5+ Kf5 61. Ra5+ Kg6 62. Ra6 Rd4+ 63. Kg3 Kxg5 64. Kf3 Kf5 65. Ke3 Rd1 1/2-1/2

[Event "HUN-chT2 Asztalos 0910"]
[Site "Hungary"]
[Date "2009.12.20"]
[Round "4"]
[White "Szabo, Richard"]
[Black "Domonkos, Daniel"]
[Result "1-0"]
[WhiteElo "2001"]
[BlackElo "2075"]
[PlyCount "131"]
[EventDate "2009.11.08"]
[EventType "team-tourn"]
[EventRounds "11"]
[EventCountry "HUN"]
[SourceTitle "EXT 2011"]
[Source "ChessBase"]
[SourceDate "2010.11.26"]
[SourceVersion "1"]
[SourceVersionDate "2010.11.26"]
[SourceQuality "1"]
[WhiteTeam "Decs II"]
[BlackTeam "Veszprem"]
[WhiteTeamCountry "HUN"]
[BlackTeamCountry "HUN"]

1. c4 e6 2. Nf3 Nf6 3. g3 d5 4. b3 b6 5. Bg2 Bb7 6. 0-0 Be7 7. Bb2 0-0 8. d3 c5 9. e3 Nc6 10. Nc3 a6 11. cxd5 exd5 12. d4 Re8 13. Rc1 Rc8 14. dxc5 bxc5 15. Na4 Ne4 16. Nd2 Nb4 17. Nxe4 dxe4 18. Qg4 Bf6 19. Bxf6 Qxf6 20. Nxc5 h5 21. Nxe4 Qe7 22. Nf6+ Qxf6 23. Qxb4 Bxg2 24. Kxg2 Rxc1 25. Rxc1 Qb2 26. Rc5 g6 27. Qc4 Qxa2 28. Rc7 Rf8 29. Rc6 Qb1 30. Rxa6 Rb8 31. Rf6 Rf8 32. Rc6 h4 33. Qxh4 Qxb3 34. Qc4 Qb7 35. e4 Kg7 36. Rc7 Qa8 37. h4 Kg8 38. Qd5 Qa1 39. h5 Qg7 40. hxg6 Qxg6 41. Rc6 Qh7 42. Qg5+ Qg7 43. Qxg7+ Kxg7 44. f4 Rb8 45. Kf3 Rb3+ 46. Kg4 Ra3 47. e5 Re3 48. Rf6 Rc3 49. Rf5 Re3 50. Rg5+ Kf8 51. Kf5 Ke7 52. g4 Rf3 53. Rg8 Rf2 54. g5 Rf1 55. g6 fxg6+ 56. Rxg6 Kf7 57. Ra6 Rf2 58. Ra7+ Kf8 59. Kg5 Rf1 60. f5 Rc1 61. Kf6 Rc6+ 62. e6 Rc8 63. Rh7 Kg8 64. Rd7 Kf8 65. e7+ Ke8 66. Rd8+ 1-0

[Event "Balatonalmadi Pannonia Cup 14th"]
[Site "Balatonalmadi"]
[Date "2009.07.30"]
[Round "2"]
[White "Domonkos, Daniel"]
[Black "Galyas, Miklos"]
[Result "0-1"]
[WhiteElo "2064"]
[BlackElo "2457"]
[PlyCount "82"]
[EventDate "2009.07.29"]
[EventType "swiss"]
[EventRounds "7"]
[EventCountry "HUN"]
[SourceTitle "EXT 2011"]
[Source "ChessBase"]
[SourceDate "2010.11.26"]
[SourceVersion "1"]
[SourceVersionDate "2010.11.26"]
[SourceQuality "1"]

1. d4 d5 2. c4 dxc4 3. Nc3 c6 4. a4 e5 5. dxe5 Qxd1+ 6. Kxd1 Na6 7. e4 Be6 8. Be3 f6 9. Nf3 0-0-0+ 10. Ke1 Bc5 11. Rd1 Rxd1+ 12. Kxd1 Bxe3 13. fxe3 Nc5 14. Nd4 Bg4+ 15. Nf3 fxe5 16. Bxc4 Nf6 17. Kc1 Re8 18. h3 Bh5 19. Ng5 h6 20. b4 Nxa4 21. Nxa4 hxg5 22. Nc5 b6 23. Ne6 Bf7 24. Ba6+ Kd7 25. Nxg5 Bg6 26. Rd1+ Ke7 27. Bb7 Rb8 28. Bxc6 Rc8 29. b5 Be8 30. Rd5 Nxd5 31. exd5 a6 32. Kb2 axb5 33. Bxe8 Rxe8 34. Ne6 g6 35. e4 Rc8 36. h4 Rc4 37. Ng5 Rd4 38. Kc2 Ra4 39. Kb2 Ra8 40. g4 Rf8 41. Ne6 Rh8 0-1

[Event "Veszprem Hemo op"]
[Site "Veszprem"]
[Date "2008.08.18"]
[Round "5"]
[White "Jonas, Zsolt"]
[Black "Domonkos, Daniel"]
[Result "1-0"]
[WhiteElo "2174"]
[BlackElo "2047"]
[PlyCount "51"]
[EventDate "2008.08.16"]
[EventType "swiss"]
[EventRounds "7"]
[EventCountry "HUN"]
[SourceTitle "EXT 2011"]
[Source "ChessBase"]
[SourceDate "2010.11.26"]
[SourceVersion "1"]
[SourceVersionDate "2010.11.26"]
[SourceQuality "1"]

1. e4 c5 2. Nf3 Nc6 3. d4 cxd4 4. Nxd4 g6 5. c4 Bg7 6. Be3 d6 7. Nc3 Nf6 8. Be2 0-0 9. 0-0 Bd7 10. Rc1 b6 11. f4 e6 12. Ndb5 d5 13. cxd5 exd5 14. e5 Ne4 15. Nxe4 dxe4 16. Nd6 Ne7 17. Nxe4 Nf5 18. Bf2 Be6 19. Bc4 Qe7 20. Qb3 Bxc4 21. Rxc4 h6 22. Rfc1 Rad8 23. g4 Nh4 24. Rc7 Rd7 25. Rxd7 Qxd7 26. Bxh4 1-0

[Event "Balatonalmadi Pannonia Cup 13th"]
[Site "Balatonalmadi"]
[Date "2008.08.02"]
[Round "6"]
[White "Domonkos, Daniel"]
[Black "Matrahalmi, Tibor"]
[Result "1-0"]
[WhiteElo "2047"]
[BlackElo "2250"]
[PlyCount "75"]
[EventDate "2008.07.30"]
[EventType "swiss"]
[EventRounds "7"]
[EventCountry "HUN"]
[SourceTitle "CBM 125 Extra"]
[Source "ChessBase"]
[SourceDate "2008.09.01"]
[SourceVersion "1"]
[SourceVersionDate "2008.09.01"]
[SourceQuality "1"]

1. d4 Nf6 2. c4 g6 3. Nc3 Bg7 4. e4 d6 5. Nf3 0-0 6. h3 e5 7. d5 a5 8. Be2 Na6 9. Be3 Ne8 10. 0-0 f5 11. exf5 gxf5 12. Bg5 Nf6 13. Nh2 Qe8 14. a3 Qg6 15. f4 e4 16. b4 h6 17. Bh4 Ng4 18. hxg4 Bxc3 19. Rc1 axb4 20. axb4 Qg7 21. gxf5 Bxf5 22. g4 Bd7 23. Kh1 Nxb4 24. g5 Ba4 25. gxh6 Qxh6 26. Rg1+ Kh8 27. Qf1 Rxf4 28. Qg2 Rxh4 29. Rxc3 Bd7 30. Rg3 Rxh2+ 31. Qxh2 Qxh2+ 32. Kxh2 Bf5 33. Bg4 Bh7 34. Rh3 Rf8 35. Bh5 Rf2+ 36. Kh1 Bf5 37. Rh4 e3 38. Bf7+ 1-0

[Event "Balatonalmadi Pannonia Cup 13th"]
[Site "Balatonalmadi"]
[Date "2008.07.31"]
[Round "2"]
[White "Domonkos, Daniel"]
[Black "Galyas, Miklos"]
[Result "1/2-1/2"]
[WhiteElo "2047"]
[BlackElo "2463"]
[PlyCount "104"]
[EventDate "2008.07.30"]
[EventType "swiss"]
[EventRounds "7"]
[EventCountry "HUN"]
[SourceTitle "CBM 125 Extra"]
[Source "ChessBase"]
[SourceDate "2008.09.01"]
[SourceVersion "1"]
[SourceVersionDate "2008.09.01"]
[SourceQuality "1"]

1. d4 Nf6 2. c4 g6 3. Nc3 Bg7 4. e4 d6 5. Nf3 0-0 6. Bd3 Bg4 7. h3 Bxf3 8. Qxf3 Nc6 9. Be3 Nd7 10. d5 Nce5 11. Qe2 c6 12. 0-0 cxd5 13. cxd5 Rc8 14. Rac1 a6 15. b4 Nxd3 16. Qxd3 Ne5 17. Qe2 Nc4 18. Nb1 Nxe3 19. Qxe3 Qd7 20. Rxc8 Rxc8 21. Rc1 Bb2 22. Rxc8+ Qxc8 23. Nd2 Qc1+ 24. Nf1 Qd1 25. Qb3 Qxb3 26. axb3 Bd4 27. Ng3 Bc3 28. b5 axb5 29. Kf1 Kg7 30. Ke2 Bd4 31. f4 e6 32. Kd3 Ba1 33. dxe6 fxe6 34. Ne2 Kf6 35. g4 g5 36. Ke3 gxf4+ 37. Nxf4 Be5 38. Ng2 Bc3 39. Nh4 Ke7 40. Nf3 Bg7 41. h4 h6 42. Kf4 Bb2 43. Ke3 Kf6 44. Nd4 b4 45. Nf3 Bc1+ 46. Kd3 Bf4 47. Kd4 Bg3 48. Ke3 Kg6 49. Kd4 h5 50. gxh5+ Kxh5 51. Ng5 Be5+ 52. Kc4 Kxh4 1/2-1/2

[Event "Balatonalmadi Pannonia Cup 13th"]
[Site "Balatonalmadi"]
[Date "2008.07.31"]
[Round "3"]
[White "Kukel, Imre"]
[Black "Domonkos, Daniel"]
[Result "0-1"]
[WhiteElo "1962"]
[BlackElo "2047"]
[PlyCount "96"]
[EventDate "2008.07.30"]
[EventType "swiss"]
[EventRounds "7"]
[EventCountry "HUN"]
[SourceTitle "CBM 125 Extra"]
[Source "ChessBase"]
[SourceDate "2008.09.01"]
[SourceVersion "1"]
[SourceVersionDate "2008.09.01"]
[SourceQuality "1"]

1. d4 d5 2. c4 e6 3. Nc3 Nf6 4. Bf4 c6 5. e3 Nbd7 6. Nf3 Bb4 7. Qc2 Ne4 8. Nd2 Nxd2 9. Qxd2 Nf6 10. f3 0-0 11. a3 Be7 12. Bd3 dxc4 13. Bxc4 Nd5 14. Bg3 Bf6 15. Ne4 Re8 16. Nxf6+ Qxf6 17. 0-0 h5 18. Rad1 h4 19. Be5 Qh6 20. Rfe1 b5 21. Ba2 Bb7 22. Qf2 Rad8 23. e4 Nb6 24. g3 h3 25. Bc7 Rd7 26. Bf4 Qf6 27. Qe3 Qg6 28. g4 Kh8 29. Qf2 Red8 30. Be5 c5 31. d5 Qg5 32. Qg3 exd5 33. exd5 Nxd5 34. f4 Qh6 35. Bb3 f6 36. g5 fxg5 37. fxg5 Qh5 38. Re4 Kg8 39. Rde1 c4 40. Bc2 Nb4 41. Rh4 Nxc2 42. Rxh5 Nxe1 43. Bc3 Nf3+ 44. Kf2 Rf8 45. Ke2 Ng1+ 46. Ke1 Bg2 47. Bf6 Nf3+ 48. Ke2 Re8+ 0-1